书目信息 |
| 题名: |
动感艺术——健美操
|
|
| 作者: | 黄玲 , 朱晓娜 著 | |
| 分册: | ||
| 出版信息: | 北京 海洋出版社 2009 |
|
| 页数: | 194页 | |
| 开本: | 26cm | |
| 丛书名: | ||
| 单 册: | ||
| 中图分类: | G831.3 | |
| 科图分类: | ||
| 主题词: | 健美操--基本知识 , 健美操 | |
| 电子资源: | ||
| ISBN: | 978-7-5027-7529-2 | |
| 000 | 00920nam0 2200253 45 | |
| 001 | 1130738390 | |
| 005 | 20110310094051.84 | |
| 010 | @a978-7-5027-7529-2@dCNY30.00 | |
| 100 | @a20110225d2009 em y0chiy0110 ea | |
| 101 | 0 | @achi |
| 102 | @aCN@b110000 | |
| 105 | @aa z 000yy | |
| 106 | @ar | |
| 200 | 1 | @a动感艺术——健美操@ADong Gan Yi Shu—— Jian Mei Cao@f黄玲,朱晓娜著@FHuang Ling, Zhu Xiao Na Zhu |
| 210 | @a北京@c海洋出版社@d2009 | |
| 215 | @a194页@c图@d26cm | |
| 330 | @a本书分为知识篇、健身篇、竞技篇三部分,内容包括:健美操运动概述、健美操术语、健美操运动的理论基础、健身健美操的训练方法、健身健美操创编、竞技健美操的训练、竞技健美操的创编、竞技健美操竞赛的组织与裁判工作等。 | |
| 606 | 0 | @a健美操@x基本知识 |
| 606 | 0 | @a健美操 |
| 690 | @aG831.3@v4 | |
| 701 | 0 | @a黄玲@AHuang Ling@4著 |
| 701 | 0 | @a朱晓娜@AZhu Xiao Na@4著 |
| 801 | 0 | @aCN@bTANGWEI@c20110310 |
| 905 | @b0531914-18@dG831.3@e103@f5 | |
| 动感艺术——健美操/黄玲,朱晓娜著.-北京:海洋出版社,2009 |
| 194页:图;26cm |
| ISBN 978-7-5027-7529-2:CNY30.00 |
| 本书分为知识篇、健身篇、竞技篇三部分,内容包括:健美操运动概述、健美操术语、健美操运动的理论基础、健身健美操的训练方法、健身健美操创编、竞技健美操的训练、竞技健美操的创编、竞技健美操竞赛的组织与裁判工作等。 |
| ● |
| 相关链接 |
|
|
|
|
正题名:动感艺术——健美操
索取号:G831.3/103
 
预约/预借
| 序号 | 登录号 | 条形码 | 馆藏地/架位号 | 状态 | 备注 |
| 1 | 0531914 | 205319145 | 第一样本阅览室/ [索取号:G831.3/103] | 在馆 | |
| 2 | 0531915 | 205319154 | 第四借阅区/ [索取号:G831.3/103] | 在馆 | |
| 3 | 0531916 | 205319163 | 第四借阅区/ [索取号:G831.3/103] | 在馆 | |
| 4 | 0531917 | 205319172 | 第四借阅区/ [索取号:G831.3/103] | 在馆 | |
| 5 | 0531918 | 205319181 | 密集书库-体育系/ [索取号:G831.3/103] | 在馆 |